Biennale musica 1982: numero e suono (5) (Record n. 100329)
[ formato base ]
| 000 -LEADER | |
|---|---|
| fixed length control field | 01828njm a2200361Ia 4500 |
| 001 - CONTROL NUMBER | |
| control field | 21026 |
| 003 - CONTROL NUMBER IDENTIFIER | |
| control field | IT-RoPAU |
| 005 - DATE AND TIME OF LATEST TRANSACTION | |
| control field | 20220918181128.0 |
| 008 - FIXED-LENGTH DATA ELEMENTS--GENERAL INFORMATION | |
| fixed length control field | 131025s9999 xx 000 0 und d |
| 040 ## - CATALOGING SOURCE | |
| Original cataloging agency | IT-RoPAU |
| 040 ## - CATALOGING SOURCE | |
| Transcribing agency | IT-RoPAU |
| 999 ## - SYSTEM CONTROL NUMBERS (KOHA) | |
| Koha Dewey Subclass [OBSOLETE] | n.d. |
| 100 ## - MAIN ENTRY--PERSONAL NAME | |
| Personal name | AA.VV. |
| 9 (RLIN) | 794 |
| 100 ## - MAIN ENTRY--PERSONAL NAME | |
| Relator term | Autore musica |
| 9 (RLIN) | 4507 |
| 100 ## - MAIN ENTRY--PERSONAL NAME | |
| Miscellaneous information | Codice autore musica SPICS: 12000 |
| 9 (RLIN) | 796 |
| 245 ## - TITLE STATEMENT | |
| Title | Biennale musica 1982: numero e suono (5) |
| 250 ## - EDITION STATEMENT | |
| Edition statement | 1a ed. |
| 260 ## - PUBLICATION, DISTRIBUTION, ETC. (IMPRINT) | |
| Place of publication, distribution, etc. | ROMA |
| 260 ## - PUBLICATION, DISTRIBUTION, ETC. (IMPRINT) | |
| Name of publisher, distributor, etc. | SPICS RECORDS |
| Date of publication, distribution, etc. | 1982 [1a Ed.:1982] |
| 300 ## - PHYSICAL DESCRIPTION | |
| Extent | MUSICASSETTA |
| 500 ## - GENERAL NOTE | |
| General note | Musica strumentale. Strumentismo Utopico. Poemetto per Dieci Flauti. Dalle sale Apollinee del Teatro la Fenice di Venezia |
| 505 ## - FORMATTED CONTENTS NOTE | |
| Formatted contents note | Due pezzi per violino - Claire per clarinetto - Inside per viola - Superscriptio per ottavino - Traits suspendus per flauto basso - Let me Die Before I Wake per clarinetto |
| 650 ## - SUBJECT ADDED ENTRY--TOPICAL TERM | |
| Topical term or geographic name as entry element | STRUMENTALE [CASSETTE] |
| Relator term | Codice MATERIA SPICS: 9951 |
| 9 (RLIN) | 1218 |
| 700 ## - ADDED ENTRY--PERSONAL NAME | |
| Personal name | Petazzi Paolo |
| Dates associated with a name | Codice autore testo SPICS: 11572 |
| Relator term | Autore testo |
| 9 (RLIN) | 4508 |
| 700 ## - ADDED ENTRY--PERSONAL NAME | |
| Personal name | Cappelli Gilberto |
| Dates associated with a name | Codice autore musica SPICS: 8433 |
| Relator term | Autore musica |
| Name of part/section of a work | Due pezzi per violino |
| 9 (RLIN) | 4509 |
| 700 ## - ADDED ENTRY--PERSONAL NAME | |
| Personal name | Donatoni Franco |
| Dates associated with a name | Codice autore musica SPICS: 7147 |
| Relator term | Autore musica |
| Name of part/section of a work | Claire per clarinetto |
| 9 (RLIN) | 4510 |
| 700 ## - ADDED ENTRY--PERSONAL NAME | |
| Personal name | Dusapin Pascal |
| Dates associated with a name | Codice autore musica SPICS: 10496 |
| Relator term | Autore musica |
| Name of part/section of a work | Inside per viola |
| 9 (RLIN) | 4511 |
| 700 ## - ADDED ENTRY--PERSONAL NAME | |
| Personal name | Ferneyhough Brian |
| Dates associated with a name | Codice autore musica SPICS: 10892 |
| Relator term | Autore musica |
| Name of part/section of a work | Superscriptio per ottavino |
| 9 (RLIN) | 4512 |
| 700 ## - ADDED ENTRY--PERSONAL NAME | |
| Personal name | Mefano Paul |
| Dates associated with a name | Codice autore musica SPICS: 6242 |
| Relator term | Autore musica |
| Name of part/section of a work | Traits suspendus per flauto basso |
| 9 (RLIN) | 4513 |
| 700 ## - ADDED ENTRY--PERSONAL NAME | |
| Personal name | Sciarrino Salvatore |
| Dates associated with a name | Codice autore musica SPICS: 1416 |
| Relator term | Autore musica |
| Name of part/section of a work | Let me Die Before I Wake per clarinetto |
| 9 (RLIN) | 4514 |
| 700 ## - ADDED ENTRY--PERSONAL NAME | |
| Personal name | Petazzi Paolo |
| Dates associated with a name | Codice autore testo SPICS: 11572 |
| Relator term | Autore |
| 9 (RLIN) | 4515 |
| 942 ## - ADDED ENTRY ELEMENTS (KOHA) | |
| Koha item type | MUSICASSETTE |
| Source of classification or shelving scheme | Dewey Decimal Classification |
| Withdrawn status | Lost status | Damaged status | Not for loan | Home library | Current library | Date acquired | Total Checkouts | Full call number | Date last seen | Price effective from | Koha item type | Public note |
|---|---|---|---|---|---|---|---|---|---|---|---|---|
| Buone Condizioni | Not For Loan | SPICS-MEDIATECA | SPICS-MEDIATECA | 25/10/2013 | 21026 | 25/10/2013 | 25/10/2013 | MUSICASSETTE | Progr. Ins.: 3686 / N.Vol.: n.d. / Copie: 1 - Copia rara: n.d. / date import: 01.01.2014 - By Epidotti, Trombetti, Vaglietti |